<?xml version="1.0" encoding="UTF-8"?>
<record
    xmlns:xsi="http://www.w3.org/2001/XMLSchema-instance"
    xsi:schemaLocation="http://www.loc.gov/MARC21/slim http://www.loc.gov/standards/marcxml/schema/MARC21slim.xsd"
    xmlns="http://www.loc.gov/MARC21/slim">

  <leader>02055 am a2200565 a 4500</leader>
  <controlfield tag="005">20240522092913.0</controlfield>
  <controlfield tag="008">100311s1993||||sp a   f |||| 001 0 spa d</controlfield>
  <datafield tag="020" ind1=" " ind2=" ">
    <subfield code="a">8428209243</subfield>
  </datafield>
  <datafield tag="041" ind1=" " ind2=" ">
    <subfield code="a">spa</subfield>
  </datafield>
  <datafield tag="092" ind1=" " ind2=" ">
    <subfield code="c">574.192</subfield>
    <subfield code="l">47</subfield>
    <subfield code="s">LEN</subfield>
  </datafield>
  <datafield tag="100" ind1="1" ind2=" ">
    <subfield code="a">Lehninger, Albert L.</subfield>
    <subfield code="9">394</subfield>
  </datafield>
  <datafield tag="245" ind1=" " ind2=" ">
    <subfield code="a">Principios de Bioqu&#xED;mica /  </subfield>
    <subfield code="c">Albert L. Lehninger</subfield>
  </datafield>
  <datafield tag="250" ind1=" " ind2=" ">
    <subfield code="a">2a ed.</subfield>
    <subfield code="b">Traducci&#xF3;n Claudi M. Cuchillo Foix y Josep Vendrell i Roca</subfield>
  </datafield>
  <datafield tag="260" ind1=" " ind2=" ">
    <subfield code="a">Barcelona: </subfield>
    <subfield code="b">Omega;</subfield>
    <subfield code="c">1993.</subfield>
  </datafield>
  <datafield tag="300" ind1=" " ind2=" ">
    <subfield code="a">1013 p.</subfield>
    <subfield code="b">il.</subfield>
  </datafield>
  <datafield tag="500" ind1=" " ind2=" ">
    <subfield code="a">Lehninger, A. L., Nelson, D. L. y Cox, M. M. (1993). Principios de Bioqu&#xED;mica. (2a ed.). Barcelona : Omega.</subfield>
  </datafield>
  <datafield tag="590" ind1=" " ind2=" ">
    <subfield code="a">Donaci&#xF3;n J. M. Alfonso, Mayo 2008</subfield>
  </datafield>
  <datafield tag="653" ind1=" " ind2=" ">
    <subfield code="a">L&#xF3;gica molecular de la vida</subfield>
  </datafield>
  <datafield tag="653" ind1=" " ind2=" ">
    <subfield code="a">C&#xE9;lulas</subfield>
  </datafield>
  <datafield tag="653" ind1=" " ind2=" ">
    <subfield code="a">Biomol&#xE9;culas</subfield>
  </datafield>
  <datafield tag="653" ind1=" " ind2=" ">
    <subfield code="a">Agua: su efecto sobre las biomol&#xE9;culas en disoluci&#xF3;n</subfield>
  </datafield>
  <datafield tag="653" ind1=" " ind2=" ">
    <subfield code="a">Amino&#xE1;cidos y p&#xE9;ptidos</subfield>
  </datafield>
  <datafield tag="653" ind1=" " ind2=" ">
    <subfield code="a">Prote&#xED;nas</subfield>
  </datafield>
  <datafield tag="653" ind1=" " ind2=" ">
    <subfield code="a">Estructura tridimensional de las proteinas</subfield>
  </datafield>
  <datafield tag="653" ind1=" " ind2=" ">
    <subfield code="a">Enzimas</subfield>
  </datafield>
  <datafield tag="653" ind1=" " ind2=" ">
    <subfield code="a">L&#xED;pidos</subfield>
  </datafield>
  <datafield tag="653" ind1=" " ind2=" ">
    <subfield code="a">Membranas biol&#xF3;gicas y transporte</subfield>
  </datafield>
  <datafield tag="653" ind1=" " ind2=" ">
    <subfield code="a">Gl&#xFA;cidos</subfield>
  </datafield>
  <datafield tag="653" ind1=" " ind2=" ">
    <subfield code="a">Nucle&#xF3;tidos y &#xE1;cidos nucleicos</subfield>
  </datafield>
  <datafield tag="653" ind1=" " ind2=" ">
    <subfield code="a">Bioenerg&#xE9;tica</subfield>
  </datafield>
  <datafield tag="653" ind1=" " ind2=" ">
    <subfield code="a">Gluc&#xF3;lisis y catabolismo de las hexosas</subfield>
  </datafield>
  <datafield tag="653" ind1=" " ind2=" ">
    <subfield code="a">Ciclo del &#xE1;cido c&#xED;trico</subfield>
  </datafield>
  <datafield tag="653" ind1=" " ind2=" ">
    <subfield code="a">Oxidaci&#xF3;n de los &#xE1;cidos grasos</subfield>
  </datafield>
  <datafield tag="653" ind1=" " ind2=" ">
    <subfield code="a">Oxidaci&#xF3;n de amino&#xE1;cidos y producci&#xF3;n de urea</subfield>
  </datafield>
  <datafield tag="653" ind1=" " ind2=" ">
    <subfield code="a">Fosforilaci&#xF3;n oxidativa y fotofosforilaci&#xF3;n</subfield>
  </datafield>
  <datafield tag="653" ind1=" " ind2=" ">
    <subfield code="a">Bios&#xED;ntesis de gl&#xFA;cidos</subfield>
  </datafield>
  <datafield tag="653" ind1=" " ind2=" ">
    <subfield code="a">Bios&#xED;ntesis de l&#xED;pidos</subfield>
  </datafield>
  <datafield tag="653" ind1=" " ind2=" ">
    <subfield code="a">Bios&#xED;ntesis de amino&#xE1;cidos, nucle&#xF3;tidos y mol&#xE9;culas relacionadas</subfield>
  </datafield>
  <datafield tag="653" ind1=" " ind2=" ">
    <subfield code="a">Integraci&#xF3;n y regulaci&#xF3;n hormonal del metabolismo de los mamiferos</subfield>
  </datafield>
  <datafield tag="653" ind1=" " ind2=" ">
    <subfield code="a">Genes y cromosomas</subfield>
  </datafield>
  <datafield tag="653" ind1=" " ind2=" ">
    <subfield code="a">Metabolismo del DNA</subfield>
  </datafield>
  <datafield tag="653" ind1=" " ind2=" ">
    <subfield code="a">Metabolismo del RNA</subfield>
  </datafield>
  <datafield tag="653" ind1=" " ind2=" ">
    <subfield code="a">Metabolismo de prote&#xED;nas</subfield>
  </datafield>
  <datafield tag="653" ind1=" " ind2=" ">
    <subfield code="a">Regulaci&#xF3;n de la expresi&#xF3;n g&#xE9;nica</subfield>
  </datafield>
  <datafield tag="653" ind1=" " ind2=" ">
    <subfield code="a">Tecnolog&#xED;a del DNA recombinante</subfield>
  </datafield>
  <datafield tag="700" ind1="1" ind2=" ">
    <subfield code="a">Nelson, David L.</subfield>
    <subfield code="9">395</subfield>
  </datafield>
  <datafield tag="700" ind1="1" ind2=" ">
    <subfield code="a">Cox, Michael M.</subfield>
    <subfield code="9">396</subfield>
  </datafield>
  <datafield tag="930" ind1=" " ind2=" ">
    <subfield code="a">1933</subfield>
  </datafield>
  <datafield tag="942" ind1=" " ind2=" ">
    <subfield code="2">ddc</subfield>
    <subfield code="c">BK</subfield>
  </datafield>
  <datafield tag="999" ind1=" " ind2=" ">
    <subfield code="c">91</subfield>
    <subfield code="d">91</subfield>
  </datafield>
  <datafield tag="952" ind1=" " ind2=" ">
    <subfield code="0">0</subfield>
    <subfield code="1">0</subfield>
    <subfield code="2">ddc</subfield>
    <subfield code="4">0</subfield>
    <subfield code="7">0</subfield>
    <subfield code="a">BFM</subfield>
    <subfield code="b">BFM</subfield>
    <subfield code="c">CR</subfield>
    <subfield code="d">2011-05-13</subfield>
    <subfield code="l">116</subfield>
    <subfield code="m">5</subfield>
    <subfield code="o">574.192 47 LEH</subfield>
    <subfield code="p">1933</subfield>
    <subfield code="r">2026-04-01</subfield>
    <subfield code="s">2026-03-25</subfield>
    <subfield code="t">ej.3</subfield>
    <subfield code="w">2011-05-13</subfield>
    <subfield code="y">BK</subfield>
    <subfield code="z">Sede Tordos.</subfield>
    <subfield code="f"></subfield>
  </datafield>
  <datafield tag="952" ind1=" " ind2=" ">
    <subfield code="0">0</subfield>
    <subfield code="1">0</subfield>
    <subfield code="2">ddc</subfield>
    <subfield code="4">0</subfield>
    <subfield code="7">0</subfield>
    <subfield code="a">BFM</subfield>
    <subfield code="b">BFM</subfield>
    <subfield code="d">2022-12-06</subfield>
    <subfield code="e">Donaci&#xF3;n Sangorrin, Marcela. Diciembre 2022</subfield>
    <subfield code="l">0</subfield>
    <subfield code="o">574.192 47 LEH</subfield>
    <subfield code="p">4807</subfield>
    <subfield code="r">2022-12-06</subfield>
    <subfield code="t">Ej. 11</subfield>
    <subfield code="w">2022-12-06</subfield>
    <subfield code="y">BK</subfield>
    <subfield code="z">Donaci&#xF3;n Sangorrin, Marcela. Diciembre 2022</subfield>
    <subfield code="f"></subfield>
  </datafield>
</record>
